<?xml version="1.0" encoding="UTF-8"?>
<collection xmlns="http://www.loc.gov/MARC21/slim">
 <record>
  <leader>01492nam a2200313 a 4500</leader>
  <controlfield tag="001">16505</controlfield>
  <controlfield tag="003">BD-DhAAL</controlfield>
  <controlfield tag="008">090629s2004    au ae         001 0 eng d</controlfield>
  <datafield tag="020" ind1=" " ind2=" ">
   <subfield code="a">1920744185</subfield>
  </datafield>
  <datafield tag="040" ind1=" " ind2=" ">
   <subfield code="a">BD-DhAAL</subfield>
   <subfield code="c">BD-DhAAL</subfield>
  </datafield>
  <datafield tag="082" ind1="0" ind2="4">
   <subfield code="a">725.5 </subfield>
   <subfield code="2">22</subfield>
  </datafield>
  <datafield tag="245" ind1="0" ind2="0">
   <subfield code="a">Health facilities review 2003-2004 /</subfield>
   <subfield code="c">coordinating editor, Robyn Beaver.</subfield>
  </datafield>
  <datafield tag="260" ind1=" " ind2=" ">
   <subfield code="a">Sydney :</subfield>
   <subfield code="b">Images Pub. Group,</subfield>
   <subfield code="c">2004.</subfield>
  </datafield>
  <datafield tag="300" ind1=" " ind2=" ">
   <subfield code="a">168 pages :</subfield>
   <subfield code="b">color illustrations, plans ;</subfield>
   <subfield code="c">31 cm</subfield>
  </datafield>
  <datafield tag="500" ind1=" " ind2=" ">
   <subfield code="a">At head of title: American Institute of Architects, Academy of Architecture for Health.</subfield>
  </datafield>
  <datafield tag="500" ind1=" " ind2=" ">
   <subfield code="a">Includes index.</subfield>
  </datafield>
  <datafield tag="526" ind1=" " ind2=" ">
   <subfield code="a">ARC</subfield>
   <subfield code="x">Huraera Jabeen, Faculty member of Department of Architecture</subfield>
  </datafield>
  <datafield tag="541" ind1="1" ind2=" ">
   <subfield code="e">16505</subfield>
   <subfield code="a">Premier Books</subfield>
  </datafield>
  <datafield tag="650" ind1=" " ind2="0">
   <subfield code="a">Health facilities</subfield>
   <subfield code="z">United States</subfield>
   <subfield code="v">Designs and plans.</subfield>
   <subfield code="9">31763</subfield>
  </datafield>
  <datafield tag="650" ind1=" " ind2="0">
   <subfield code="a">Hospitals</subfield>
   <subfield code="z">United States</subfield>
   <subfield code="x">Design and construction.</subfield>
   <subfield code="9">31764</subfield>
  </datafield>
  <datafield tag="650" ind1=" " ind2="0">
   <subfield code="a">Public architecture</subfield>
   <subfield code="z">United States.</subfield>
   <subfield code="9">31765</subfield>
  </datafield>
  <datafield tag="650" ind1=" " ind2="0">
   <subfield code="a">Architecture </subfield>
   <subfield code="z"> United States </subfield>
   <subfield code="y"> 21st century.</subfield>
   <subfield code="9">31766</subfield>
  </datafield>
  <datafield tag="700" ind1="1" ind2=" ">
   <subfield code="a">Beaver, Robyn.</subfield>
   <subfield code="9">31767</subfield>
  </datafield>
  <datafield tag="710" ind1="2" ind2=" ">
   <subfield code="a">American Institute of Architects.</subfield>
   <subfield code="9">31768</subfield>
  </datafield>
  <datafield tag="710" ind1="2" ind2=" ">
   <subfield code="a">AIA Academy of Architecture for Health.</subfield>
   <subfield code="9">31769</subfield>
  </datafield>
  <datafield tag="852" ind1="4" ind2=" ">
   <subfield code="a">Ayesha Abed Library</subfield>
   <subfield code="c">General Stacks</subfield>
  </datafield>
  <datafield tag="942" ind1=" " ind2=" ">
   <subfield code="2">ddc</subfield>
   <subfield code="c">BK</subfield>
  </datafield>
  <datafield tag="999" ind1=" " ind2=" ">
   <subfield code="c">1864</subfield>
   <subfield code="d">1864</subfield>
  </datafield>
  <datafield tag="952" ind1=" " ind2=" ">
   <subfield code="0">0</subfield>
   <subfield code="1">0</subfield>
   <subfield code="2">ddc</subfield>
   <subfield code="4">0</subfield>
   <subfield code="6">725_500000000000000_HEA_2004</subfield>
   <subfield code="7">0</subfield>
   <subfield code="9">1707</subfield>
   <subfield code="a">BRACUL</subfield>
   <subfield code="b">BRACUL</subfield>
   <subfield code="c">GEN</subfield>
   <subfield code="d">2009-06-29</subfield>
   <subfield code="e">Premier Books</subfield>
   <subfield code="g">6000.00</subfield>
   <subfield code="l">6</subfield>
   <subfield code="m">82</subfield>
   <subfield code="o">725.5 HEA</subfield>
   <subfield code="p">3010016505</subfield>
   <subfield code="r">2022-10-27</subfield>
   <subfield code="s">2022-09-27</subfield>
   <subfield code="t">1</subfield>
   <subfield code="w">2009-06-29</subfield>
   <subfield code="y">BK</subfield>
   <subfield code="x">Requisitioned by Huraera Jabeen, Faculty member of Department of Architecture (ARC).</subfield>
  </datafield>
 </record>
</collection>
